पर्यटन एवं यात्रा के सिद्धान्त / (Record no. 118475)

MARC details
000 -LEADER
fixed length control field 01423nam a22002897a 4500
005 - DATE AND TIME OF LATEST TRANSACTION
control field 20170124103114.0
010 ## - LIBRARY OF CONGRESS CONTROL NUMBER
LC control number A-955284
020 ## - INTERNATIONAL STANDARD BOOK NUMBER
Terms of availability 250.00
International Standard Book Number 8185727589
035 ## - SYSTEM CONTROL NUMBER
System control number A-955284
037 ## - SOURCE OF ACQUISITION
Source of stock number/acquisition Cen Lib/Ret
040 ## - CATALOGING SOURCE
Original cataloging agency DPL
Language of cataloging HN
082 ## - DEWEY DECIMAL CLASSIFICATION NUMBER
Classification number 338.4791
Item number नेगीज
100 ## - MAIN ENTRY--PERSONAL NAME
Personal name नेगी, जगमोहन
9 (RLIN) 80352
245 ## - TITLE STATEMENT
Title पर्यटन एवं यात्रा के सिद्धान्त /
Statement of responsibility, etc जगमोहन नेगी ; सम्पादक गौरव मनोहर
246 ## - VARYING FORM OF TITLE
Title proper/short title Paryetan ewam yatra ke siddhant /
Remainder of title by Jagmohan Negi ; sampadak Gaurav Manohar
250 ## - EDITION STATEMENT
Edition statement द्वितीय संस्करण
260 ## - PUBLICATION, DISTRIBUTION, ETC. (IMPRINT)
Place of publication, distribution, etc नई दिल्ली
Name of publisher, distributor, etc तक्षशिला प्रकाशन
Date of publication, distribution, etc 1999
270 ## - ADDRESS
City नई दिल्ली
Address 23/4762, अंसारी रोड, दरियागंज
Postal code 110002
300 ## - PHYSICAL DESCRIPTION
Extent 320पृ.
Dimensions 20सेमी(सजिल्द)
500 ## - GENERAL NOTE
General note संदर्भ शामिल
650 ## - SUBJECT ADDED ENTRY--TOPICAL TERM
Topical term or geographic name as entry element पर्यटन -- आर्थिक एवं सामाजिक महत्त्व
9 (RLIN) 80353
650 ## - SUBJECT ADDED ENTRY--TOPICAL TERM
Topical term or geographic name as entry element पर्यटन -- परिभाषा
9 (RLIN) 80354
650 ## - SUBJECT ADDED ENTRY--TOPICAL TERM
Topical term or geographic name as entry element Tourism - the economic and social importance
9 (RLIN) 80355
650 ## - SUBJECT ADDED ENTRY--TOPICAL TERM
Topical term or geographic name as entry element Tourism - Definition
9 (RLIN) 80356
700 ## - ADDED ENTRY--PERSONAL NAME
Personal name मनोहर, गौरव
9 (RLIN) 80357
942 ## - ADDED ENTRY ELEMENTS (KOHA)
Source of classification or shelving scheme Dewey Decimal Classification
Koha item type Hindi Books
Classification part 338.4791
Call number suffix नेगीज
Holdings
Withdrawn status Lost status Damaged status Not for loan Home library Current library Date acquired Source of acquisition Cost, normal purchase price Total Checkouts Full call number Barcode Date last seen Date checked out Copy number Cost, replacement price Price effective from Koha item type Collection code Source of classification or shelving scheme
        Central Library Central Library 11/09/2015 Cen Lib/Ret 250.00 1 338.4791 नेगीज A-955284 23/05/2019 01/05/2019 1 250.00 11/09/2015 Hindi Books    
      Not For Loan Central Library Central Library 06/10/2015 Cen Lib/Ret 250.00   338.4791 नेगीज A-955285 06/10/2015   1 250.00 06/10/2015 Hindi Books Reference  
        Yojana Vihar Yojana Vihar 03/10/2019 BPPD/PUB 250.00   338.4791 नेगीज A-955313 03/10/2019     250.00 03/10/2019 Hindi Books Non-fiction Dewey Decimal Classification

© Delhi Public Library
Hit Counter
free hit counter